[Event "Montcalm 3 2016-17"]
[Site "Quebec CAN"]
[Date "2016.11.24"]
[Round "2"]
[White "Caire, Francois"]
[Black "Halhal, Sami"]
[Result "1-0"]
[WhiteElo "2250"]
[BlackElo "1878"]
[PlyCount "93"]
[EventDate "2016.11.17"]
[EventType "swiss"]
[EventRounds "5"]
[EventCountry "CAN"]

1. Nf3 c5 2. e3 Nf6 3. d4 cxd4 4. exd4 e6 5. Bd3 Nc6 6. O-O Be7 7. c3 Qa5 8.
Bf4 a6 9. Nbd2 b5 10. a4 b4 11. Nc4 Qd8 12. Nd6+ Kf8 13. Ng5 Bxd6 14. Bxd6+ Kg8
15. Nf3 a5 16. c4 Bb7 17. Re1 Ne8 18. Bg3 d5 19. c5 h5 20. Bc2 h4 21. Bf4 h3
22. g3 Ba6 23. Ne5 Nxe5 24. Rxe5 g6 25. Qf3 Qd7 26. Rae1 Ng7 27. Bg5 Re8 28.
Bf6 Rh7 29. Qg4 Rf8 30. b3 Ne8 31. Bh4 Ng7 32. f4 Nf5 33. Bxf5 exf5 34. Qf3 Bb7
35. Re7 Qc6 36. Qe3 Bc8 37. Re8 Be6 38. Rxf8+ Kxf8 39. Qe5 Qa6 40. Bf6 Qc6 41.
Qb8+ Bc8 42. Qd6+ Qxd6 43. cxd6 Be6 44. Rc1 Ke8 45. Rc7 g5 46. Re7+ Kf8 47. d7
1-0

[Event "Montcalm 3 2016-17"]
[Site "Quebec CAN"]
[Date "2016.11.24"]
[Round "2"]
[White "Chabot, Sebastien"]
[Black "Garcia, Carlos"]
[Result "0-1"]
[WhiteElo "1246"]
[BlackElo "1852"]
[PlyCount "78"]
[EventDate "2016.11.17"]
[EventType "swiss"]
[EventRounds "5"]
[EventCountry "CAN"]

1. d3 Nf6 2. e4 d6 3. Be2 g6 4. Nc3 Bg7 5. Bf4 e5 6. Bg5 c6 7. Bg4 Bxg4 8. Bxf6
Bxd1 9. Bxd8 Bxc2 10. Bc7 Na6 11. Bxd6 O-O-O 12. Rc1 Bxd3 13. Be7 Rd7 14. Bg5
Kb8 15. a3 Nc5 16. f3 Ba6 17. Rb1 Nd3+ 18. Ke2 Nxb2+ 19. Kf2 Nd3+ 20. Kg3 h5
21. h4 f6 22. Be3 f5 23. Nge2 f4+ 24. Nxf4 exf4+ 25. Bxf4+ Nxf4 26. Kxf4 Bxc3
27. Kg3 Rd3 28. a4 Rhd8 29. Rhc1 Be5+ 30. Kh3 b6 31. Rxc6 Bc8+ 32. g4 Bxg4+ 33.
Kg2 Rd2+ 34. Kf1 Bh3+ 35. Kg1 Bd4+ 36. Kh1 Bg2+ 37. Kh2 Bxf3+ 38. Kg3 Bxe4 39.
Rbc1 Be5+ 0-1

[Event "Montcalm 3 2016-17"]
[Site "Quebec CAN"]
[Date "2016.11.24"]
[Round "2"]
[White "Dube, Daniel"]
[Black "Lessard, Claude"]
[Result "0-1"]
[WhiteElo "1818"]
[BlackElo "2148"]
[PlyCount "65"]
[EventDate "2016.11.17"]
[EventType "swiss"]
[EventRounds "5"]
[EventCountry "CAN"]

1. e4 c6 2. d4 d6 3. Nf3 g6 4. Be2 Nf6 5. Nbd2 Bg7 6. O-O O-O 7. a4 Nbd7 8. b3
c5 9. Bb2 cxd4 10. Nxd4 a6 11. Rb1 Nc5 12. Bf3 e5 13. Ne2 b5 14. axb5 axb5 15.
Ra1 Bb7 16. Rxa8 Qxa8 17. Ng3 h5 18. Be2 h4 19. Nh1 h3 20. f3 hxg2 21. Kxg2 Nh5
22. Qa1 Nf4+ 23. Kf2 Qd8 24. Ng3 Qh4 25. Rh1 Bh6 26. Bxb5 Nh3+ 27. Ke2 Qf4 28.
Nc4 Bxe4 29. Rf1 Bxc2 30. Bc1 Bd3+ 31. Ke1 Qxc1+ 32. Qxc1 Bxc1 33. Nxd6 0-1

[Event "Montcalm 3 2016-17"]
[Site "Quebec CAN"]
[Date "2016.11.24"]
[Round "2"]
[White "Dube, Dominic"]
[Black "Cournoyer, Dominic"]
[Result "1-0"]
[WhiteElo "1815"]
[BlackElo "1943"]
[PlyCount "89"]
[EventDate "2016.11.17"]
[EventType "swiss"]
[EventRounds "5"]
[EventCountry "CAN"]

1. e4 d5 2. exd5 Nf6 3. Nc3 Nxd5 4. Nxd5 Qxd5 5. d4 Nc6 6. Be3 Bf5 7. c3 O-O-O
8. Nf3 e5 9. Qa4 exd4 10. Nxd4 Nxd4 11. Qxd4 Qxd4 12. Bxd4 Re8+ 13. Kd2 Rd8 14.
Ke1 Bd6 15. f3 Rhe8+ 16. Kf2 c5 17. Be3 Be6 18. Bb5 Re7 19. a3 a6 20. Be2 Rde8
21. Rae1 Bb3 22. Bd3 h5 23. g3 Kc7 24. Bd2 Rxe1 25. Rxe1 Rd8 26. f4 Bf8 27. Ke3
c4 28. Be4 Bc5+ 29. Ke2 Re8 30. Kf3 Ba4 31. Be3 Bd6 32. Bd5 Bc6 33. Rd1 Bxd5+
34. Rxd5 g6 35. Bc5 Re6 36. f5 Rf6 37. Bxd6+ Rxd6 38. Rxd6 Kxd6 39. Kf4 b5 40.
fxg6 fxg6 41. Kg5 a5 42. Kxg6 a4 43. Kxh5 b4 44. g4 Ke5 45. g5 1-0

[Event "Montcalm 3 2016-17"]
[Site "Quebec CAN"]
[Date "2016.11.24"]
[Round "2"]
[White "Fillion, Jean-Yves"]
[Black "Ripoll, Arthur"]
[Result "0-1"]
[WhiteElo "1215"]
[BlackElo "1713"]
[PlyCount "90"]
[EventDate "2016.11.17"]
[EventType "swiss"]
[EventRounds "5"]
[EventCountry "CAN"]

1. e4 e5 2. Nf3 Nc6 3. Bb5 Nd4 4. Nxd4 exd4 5. c3 Bc5 6. O-O Ne7 7. b4 Bb6 8.
Bb2 dxc3 9. Nxc3 O-O 10. Ne2 d5 11. d3 a5 12. a3 Bg4 13. Ba4 Ng6 14. Qd2 dxe4
15. Qc3 f6 16. Qc4+ Kh8 17. Qxe4 f5 18. Qc4 Bxe2 19. Qc3 Rf7 20. Bb3 Re7 21.
Rfe1 Qxd3 22. Bc2 Qxc3 23. Bxc3 f4 24. Bd1 f3 25. g3 axb4 26. Bxb4 c5 27. Bc3
Ba5 28. Rc1 Bxc3 29. Rxc3 c4 30. Bxe2 Rxe2 31. Kf1 Rae8 32. Rxe2 fxe2+ 33. Ke1
b5 34. f4 Kg8 35. Rc2 Kf7 36. Rxe2 Rxe2+ 37. Kxe2 Ke6 38. Kd2 h5 39. Kc3 h4 40.
Kb4 hxg3 41. hxg3 Kf5 42. a4 bxa4 43. Kxa4 Ke4 44. Kb4 Kd3 45. f5 Ne5 0-1

[Event "Montcalm 3 2016-17"]
[Site "Quebec CAN"]
[Date "2016.11.24"]
[Round "2"]
[White "Lamontagne, Danny"]
[Black "Gagnon, Stephane"]
[Result "1-0"]
[WhiteElo "1902"]
[BlackElo "1496"]
[PlyCount "47"]
[EventDate "2016.11.17"]
[EventType "swiss"]
[EventRounds "5"]
[EventCountry "CAN"]

1. e4 b6 2. d4 Bb7 3. Bd3 e6 4. Nf3 Nf6 5. Qe2 h6 6. Nc3 d5 7. O-O Be7 8. Bf4
a6 9. Rfe1 O-O 10. exd5 Bxd5 11. Nxd5 Nxd5 12. Qe4 g6 13. Bxh6 Nd7 14. Bxf8
Qxf8 15. Ne5 N7f6 16. Qf3 Qh6 17. c4 Nf4 18. Qxa8+ Kg7 19. Qf3 c5 20. d5 exd5
21. Nxg6 Bd6 22. Nxf4 Bxf4 23. g3 Qh3 24. Bf1 1-0

[Event "Montcalm 3 2016-17"]
[Site "Quebec CAN"]
[Date "2016.11.24"]
[Round "2"]
[White "Lapierre, Gaetan"]
[Black "Abran, David"]
[Result "0-1"]
[WhiteElo "1984"]
[BlackElo "1837"]
[PlyCount "82"]
[EventDate "2016.11.17"]
[EventType "swiss"]
[EventRounds "5"]
[EventCountry "CAN"]

1. e4 c5 2. Nc3 a6 3. a4 d6 4. g3 Nc6 5. Bg2 g6 6. d3 Bg7 7. Nge2 e6 8. Be3
Nge7 9. O-O O-O 10. f4 f5 11. d4 cxd4 12. Nxd4 Nxd4 13. Bxd4 e5 14. fxe5 Bxe5
15. a5 f4 16. gxf4 Bxf4 17. Bb6 Qd7 18. Ne2 Be5 19. Rxf8+ Kxf8 20. Qf1+ Kg7 21.
Qf2 Nc6 22. Rf1 Qe7 23. Nf4 Be6 24. Be3 Bc4 25. Nd5 Bxd5 26. exd5 Nxa5 27. Bh3
Nc4 28. Bc1 Bf6 29. b3 Ne5 30. Be6 Rf8 31. Qf4 g5 32. Qg3 h6 33. Qh3 Qe8 34.
Qc3 Nf3+ 35. Rxf3 Bxc3 36. Rxc3 Qb5 37. Rc4 Qb6+ 38. Kg2 Qf2+ 39. Kh3 Rf3+ 40.
Kg4 Qg2+ 41. Kh5 Rh3+ 0-1

[Event "Montcalm 3 2016-17"]
[Site "Quebec CAN"]
[Date "2016.11.24"]
[Round "2"]
[White "Picard-Fortin, Julien-Pierre"]
[Black "Leblanc-Legault, Mathieu"]
[Result "0-1"]
[WhiteElo "1626"]
[BlackElo "1728"]
[PlyCount "80"]
[EventDate "2016.11.17"]
[EventType "swiss"]
[EventRounds "5"]
[EventCountry "CAN"]

1. e4 e6 2. d4 d5 3. e5 c5 4. c3 Nc6 5. Nf3 Bd7 6. Be2 Nge7 7. Nbd2 Nf5 8. Nb3
cxd4 9. cxd4 Bb4+ 10. Bd2 Qb6 11. Bxb4 Qxb4+ 12. Qd2 Rc8 13. Rc1 h5 14. Rc3 a5
15. a3 Qb6 16. Nc5 Ncxd4 17. Nxd4 Rxc5 18. Nxf5 exf5 19. Qd4 Rc6 20. Qxd5 Rxc3
21. bxc3 Qb1+ 22. Qd1 Qb2 23. Qd4 Qc1+ 24. Bd1 Qxa3 25. e6 Bxe6 26. O-O O-O 27.
Bxh5 Rc8 28. Rd1 Qxc3 29. Qb6 Qc7 30. Qd4 b5 31. g4 fxg4 32. Bxg4 Bxg4 33. Qxg4
Rd8 34. Rxd8+ Qxd8 35. Qf5 Qb8 36. Kf1 b4 37. Qxa5 b3 38. Qa1 b2 39. Qb1 Qe5
40. Qc2 Qb5+ 0-1

[Event "Montcalm 3 2016-17"]
[Site "Quebec CAN"]
[Date "2016.12.01"]
[Round "3"]
[White "Abran, David"]
[Black "Caire, Francois"]
[Result "0-1"]
[WhiteElo "1837"]
[BlackElo "2250"]
[PlyCount "40"]
[EventDate "2016.11.17"]
[EventType "swiss"]
[EventRounds "5"]
[EventCountry "CAN"]

1. d4 Nf6 2. c4 e6 3. Nc3 Bb4 4. Nf3 b6 5. Qc2 Bb7 6. e3 O-O 7. Bd3 d5 8. cxd5
exd5 9. Bd2 a6 10. Ne2 Bd6 11. Ng3 Re8 12. Nf5 Bf8 13. Ne5 c5 14. f3 g6 15. Ng3
cxd4 16. exd4 Nc6 17. Bc3 Rc8 18. Qf2 Nd7 19. O-O Ndxe5 20. dxe5 Bc5 0-1

[Event "Montcalm 3 2016-17"]
[Site "Quebec CAN"]
[Date "2016.12.01"]
[Round "3"]
[White "Cournoyer, Dominic"]
[Black "Dumont, Eric"]
[Result "1-0"]
[WhiteElo "1943"]
[BlackElo "1717"]
[PlyCount "51"]
[EventDate "2016.11.17"]
[EventType "swiss"]
[EventRounds "5"]
[EventCountry "CAN"]

1. c4 c5 2. Nf3 Nf6 3. Nc3 Nc6 4. d4 cxd4 5. Nxd4 g6 6. g3 Bg7 7. Bg2 Qb6 8.
Nb3 Qb4 9. c5 Na5 10. O-O Nxb3 11. Qxb3 Qxc5 12. Be3 Qa5 13. Rac1 O-O 14. Nb5
a6 15. Nc7 Rb8 16. Ba7 Bh6 17. e3 b5 18. Bxb8 Qb6 19. Nxa6 Bxa6 20. Bc7 Qa7 21.
Be5 Ne8 22. Bd4 Qb8 23. Qd5 b4 24. Rfd1 Be2 25. Rd2 Bg4 26. Qe5 1-0

[Event "Montcalm 3 2016-17"]
[Site "Quebec CAN"]
[Date "2016.12.01"]
[Round "3"]
[White "Gagnon, Stephane"]
[Black "Dube, Daniel"]
[Result "0-1"]
[WhiteElo "1496"]
[BlackElo "1818"]
[PlyCount "42"]
[EventDate "2016.11.17"]
[EventType "swiss"]
[EventRounds "5"]
[EventCountry "CAN"]

1. e4 e6 2. d4 d5 3. Nc3 Nf6 4. e5 Nfd7 5. f4 c5 6. Nf3 Nc6 7. Be3 Be7 8. Be2
O-O 9. Qd2 b6 10. O-O f6 11. Bb5 Bb7 12. f5 fxe5 13. fxe6 exd4 14. exd7 Qxd7
15. Bxd4 cxd4 16. Nxd4 Bc5 17. Nce2 Nxd4 18. Nxd4 Bxd4+ 19. Qxd4 Qxb5 20. b4
Qc4 21. Rxf8+ Rxf8 0-1

[Event "Montcalm 3 2016-17"]
[Site "Quebec CAN"]
[Date "2016.12.01"]
[Round "3"]
[White "Garcia, Carlos"]
[Black "Dube, Dominic"]
[Result "0-1"]
[WhiteElo "1852"]
[BlackElo "1815"]
[PlyCount "96"]
[EventDate "2016.11.17"]
[EventType "swiss"]
[EventRounds "5"]
[EventCountry "CAN"]

1. e4 c6 2. d3 d5 3. Nd2 e5 4. Ngf3 Bd6 5. g3 Ne7 6. Bg2 O-O 7. O-O Nd7 8. d4
exd4 9. Nxd4 Nb6 10. exd5 Nbxd5 11. Ne4 Bc7 12. c3 Bb6 13. Qh5 f5 14. Ng5 Nf6
15. Qe2 Bxd4 16. cxd4 Re8 17. Qc4+ Ned5 18. Bf4 h6 19. Nh3 Be6 20. Qd3 Nxf4 21.
Nxf4 Qd7 22. Rfd1 Nd5 23. Ng6 Qf7 24. Ne5 Qf6 25. a3 f4 26. Be4 Ne7 27. Rac1
Bd5 28. Bxd5+ Nxd5 29. b4 a6 30. Rc5 Rad8 31. Qc2 Qg5 32. Rc1 Qh5 33. g4 Qh4
34. Qf5 Qf6 35. Qh5 Re6 36. Kh1 Nb6 37. Nf3 Rd5 38. Rxd5 Nxd5 39. g5 Qf5 40.
Rg1 Nf6 41. Qh4 Qe4 42. Qh3 hxg5 43. Rxg5 Nh7 44. Rg1 Rg6 45. Re1 Qd5 46. Re8+
Nf8 47. Re5 Qb3 48. Rh5 Qd1+ 0-1

[Event "Montcalm 3 2016-17"]
[Site "Quebec CAN"]
[Date "2016.12.01"]
[Round "3"]
[White "Leblanc-Legault, Mathieu"]
[Black "Lapierre, Gaetan"]
[Result "0-1"]
[WhiteElo "1728"]
[BlackElo "1984"]
[PlyCount "164"]
[EventDate "2016.11.17"]
[EventType "swiss"]
[EventRounds "5"]
[EventCountry "CAN"]

1. Nf3 Nf6 2. d4 g6 3. e3 Bg7 4. Be2 b6 5. b4 Bb7 6. O-O c5 7. bxc5 bxc5 8. c3
O-O 9. Bb2 cxd4 10. cxd4 d6 11. Nc3 Nbd7 12. Nd2 Nb6 13. Bf3 Bxf3 14. Qxf3 d5
15. a4 Rc8 16. Rfc1 Qd7 17. Qe2 Nc4 18. Nxc4 Rxc4 19. Ba3 Rfc8 20. Bc5 R8xc5
21. dxc5 Ne4 22. Nxe4 Bxa1 23. Rxa1 Rxe4 24. Qb5 Qxb5 25. axb5 Rb4 26. Kf1 Rxb5
27. Rxa7 e6 28. Rc7 Rb1+ 29. Ke2 Rc1 30. Kd2 Rc4 31. Kd3 e5 32. f3 f5 33. c6
e4+ 34. fxe4 fxe4+ 35. Kd2 Rc5 36. Rd7 Rxc6 37. Rxd5 Ra6 38. Kc3 Ra2 39. Rd2
Ra7 40. Rf2 Rd7 41. Rf4 Rd3+ 42. Kc4 Rxe3 43. Kd4 Re2 44. Rg4 Kg7 45. Rxe4 Rxg2
46. h3 h5 47. h4 Rg4 48. Ke5 Rg1 49. Ke6 Rf1 50. Ke5 Rf8 51. Kd4 Rd8+ 52. Ke5
Ra8 53. Rd4 Re8+ 54. Kf4 Kh6 55. Rd6 Re1 56. Kg3 Re3+ 57. Kf4 Rh3 58. Rd8 Rxh4+
59. Kg3 Rg4+ 60. Kh3 Rf4 61. Kg3 Rf5 62. Kh4 g5+ 63. Kg3 h4+ 64. Kh3 Rf6 65.
Rh8+ Kg7 66. Rh5 Kg6 67. Rh8 Kf5 68. Rg8 Kf4 69. Rg7 Kf5 70. Rg8 Re6 71. Rf8+
Kg6 72. Rg8+ Kh5 73. Rh8+ Rh6 74. Rg8 Rh7 75. Rc8 g4+ 76. Kh2 Rg7 77. Rh8+ Kg5
78. Kg2 Rf7 79. Rg8+ Kf4 80. Rh8 h3+ 81. Kh2 Kf3 82. Rc8 g3+ 0-1

[Event "Montcalm 3 2016-17"]
[Site "Quebec CAN"]
[Date "2016.12.01"]
[Round "3"]
[White "Lessard, Claude"]
[Black "Lamontagne, Danny"]
[Result "1-0"]
[WhiteElo "2148"]
[BlackElo "1902"]
[PlyCount "101"]
[EventDate "2016.11.17"]
[EventType "swiss"]
[EventRounds "5"]
[EventCountry "CAN"]

1. e4 c5 2. Nf3 g6 3. d4 cxd4 4. Qxd4 Nf6 5. Qa4 Bg7 6. Nc3 O-O 7. e5 Ne8 8.
Bg5 Nc6 9. Qh4 f6 10. Bc4+ e6 11. exf6 Bxf6 12. O-O-O Qe7 13. Rhe1 Qg7 14. Kb1
Kh8 15. Ne4 Bxg5 16. Nexg5 b5 17. Bf1 a5 18. Qg3 b4 19. Bb5 a4 20. Bxc6 dxc6
21. Nxe6 Bxe6 22. Rxe6 a3 23. Qe5 Qxe5 24. Rxe5 Nf6 25. Re6 c5 26. Ne5 axb2 27.
f3 Ra7 28. Kxb2 Kg7 29. Rdd6 Nh5 30. Ra6 Rxa6 31. Rxa6 Re8 32. Ra7+ Kg8 33. Nd7
Re2 34. g4 Nf4 35. Nf6+ Kf8 36. Nxh7+ Kg8 37. Nf6+ Kf8 38. Nd7+ Kf7 39. Nxc5+
Kf6 40. h4 Re3 41. Ne4+ Ke5 42. Ng5 Kd5 43. Rc7 Ne2 44. Rd7+ Kc4 45. Rc7+ Kd5
46. h5 gxh5 47. gxh5 Re5 48. Rg7 Nd4 49. h6 Re2 50. Rd7+ Kc5 51. Rc7+ 1-0

[Event "Montcalm 3 2016-17"]
[Site "Quebec CAN"]
[Date "2016.12.01"]
[Round "3"]
[White "Sarra-Bournet, Marc"]
[Black "Le-Huu, Pascal"]
[Result "1-0"]
[WhiteElo "1844"]
[BlackElo "1250"]
[PlyCount "89"]
[EventDate "2016.11.17"]
[EventType "swiss"]
[EventRounds "5"]
[EventCountry "CAN"]

1. e4 e5 2. Nf3 Nf6 3. Nc3 Nc6 4. Bb5 Bc5 5. O-O O-O 6. Bxc6 bxc6 7. Nxe5 Bb7
8. d4 Bb6 9. Bg5 Bc8 10. Ng4 d6 11. Nxf6+ gxf6 12. Bh6 Re8 13. Qf3 Kh8 14. Rad1
Rg8 15. e5 Bg4 16. Qxf6+ Qxf6 17. exf6 Bxd1 18. Bg7+ Rxg7 19. fxg7+ Kxg7 20.
Rxd1 d5 21. Rd3 a5 22. Ne2 c5 23. dxc5 Bxc5 24. Rxd5 Bd6 25. Nd4 Ra6 26. Nf5+
Kf8 27. Nxd6 Rxd6 28. Rxd6 cxd6 29. Kf1 Ke8 30. Ke2 Kd7 31. Kd3 Kc6 32. Kc4 d5+
33. Kd4 Kd6 34. a4 f6 35. c3 Kc6 36. b4 axb4 37. cxb4 h6 38. b5+ Kd6 39. a5 h5
40. a6 Kc7 41. a7 Kb7 42. b6 f5 43. f4 h4 44. Kxd5 Ka8 45. Ke5 1-0

[Event "Montcalm 3 2016-17"]
[Site "Quebec CAN"]
[Date "2016.12.08"]
[Round "4"]
[White "Caire, Francois"]
[Black "Dube, Dominic"]
[Result "1-0"]
[WhiteElo "2250"]
[BlackElo "1815"]
[PlyCount "53"]
[EventDate "2016.11.17"]
[EventType "swiss"]
[EventRounds "5"]
[EventCountry "CAN"]

1. d4 d5 2. c4 e6 3. Nc3 Nf6 4. cxd5 exd5 5. Bg5 Be7 6. e3 O-O 7. Bd3 c6 8. Qc2
h6 9. Bh4 Be6 10. Nge2 Nh5 11. Bxe7 Qxe7 12. h3 Qg5 13. g4 Nf6 14. Nf4 b5 15.
O-O-O Na6 16. a3 Nd7 17. h4 Qe7 18. g5 h5 19. Nxh5 Bg4 20. Be2 Bxe2 21. Qxe2
Nc7 22. Rdg1 a5 23. Qf3 f5 24. gxf6 Kh8 25. fxg7+ Qxg7 26. Rxg7 Rxf3 27. Rxd7
1-0

[Event "Montcalm 3 2016-17"]
[Site "Quebec CAN"]
[Date "2016.12.08"]
[Round "4"]
[White "Cournoyer, Dominic"]
[Black "Sarra-Bournet, Marc"]
[Result "1-0"]
[WhiteElo "1943"]
[BlackElo "1844"]
[PlyCount "99"]
[EventDate "2016.11.17"]
[EventType "swiss"]
[EventRounds "5"]
[EventCountry "CAN"]

1. c4 e5 2. Nc3 Nf6 3. Nf3 Nc6 4. d4 exd4 5. Nxd4 Nxd4 6. Qxd4 Be7 7. g3 O-O 8.
Bg2 c6 9. O-O d6 10. Rd1 Be6 11. b3 d5 12. cxd5 cxd5 13. Bb2 Qa5 14. Nxd5 Bxd5
15. Bxd5 Rad8 16. e4 Bc5 17. Qc4 Nxd5 18. exd5 Rfe8 19. Qg4 Bf8 20. Qd4 Rd6 21.
Bc3 Qb6 22. Qxb6 Rxb6 23. Rd2 Bd6 24. Bd4 Ra6 25. Kf1 Bb4 26. Rd3 Ra5 27. Be3
Rd8 28. a4 Raxd5 29. Rxd5 Rxd5 30. Bxa7 Kf8 31. Be3 Rd3 32. Rb1 Ke7 33. Ke2 Rc3
34. Rc1 Rxb3 35. Rc7+ Ke6 36. Rxb7 Rb2+ 37. Kd3 Ba3 38. Rxb2 Bxb2 39. Bd4 Bxd4
40. Kxd4 Kd6 41. Kc4 Kc6 42. h4 Kb6 43. Kb4 h5 44. f3 f5 45. f4 g6 46. Kc4 Ka5
47. Kd5 Kxa4 48. Ke6 Kb5 49. Kf6 Kc5 50. Kxg6 1-0

[Event "Montcalm 3 2016-17"]
[Site "Quebec CAN"]
[Date "2016.12.08"]
[Round "4"]
[White "Fillion, Jean-Yves"]
[Black "Leblanc-Legault, Mathieu"]
[Result "0-1"]
[WhiteElo "1215"]
[BlackElo "1728"]
[PlyCount "68"]
[EventDate "2016.11.17"]
[EventType "swiss"]
[EventRounds "5"]
[EventCountry "CAN"]

1. e4 c6 2. d4 d5 3. e5 c5 4. Nf3 cxd4 5. Nxd4 Nc6 6. Bb5 Bd7 7. Nc3 e6 8. O-O
Nxe5 9. Bxd7+ Qxd7 10. Bf4 Ng6 11. Bg3 a6 12. Re1 Nf6 13. f4 Be7 14. Qf3 O-O
15. Rad1 Bd6 16. Nb3 Ne7 17. Bh4 Qc7 18. Bxf6 gxf6 19. Ne2 Qxc2 20. Rd2 Qg6 21.
a3 Rac8 22. Rd4 Nf5 23. Rd3 Kh8 24. Qh3 Rc2 25. Ned4 Nxd4 26. Rg3 Qf5 27. Nxd4
Qxh3 28. Rxh3 Bc5 29. Rd1 Rg8 30. g3 Bxd4+ 31. Rxd4 Rxb2 32. Rh6 Kg7 33. Rh4 f5
34. g4 Rc8 0-1

[Event "Montcalm 3 2016-17"]
[Site "Quebec CAN"]
[Date "2016.12.08"]
[Round "4"]
[White "Lamontagne, Danny"]
[Black "Abran, David"]
[Result "1-0"]
[WhiteElo "1902"]
[BlackElo "1837"]
[PlyCount "96"]
[EventDate "2016.11.17"]
[EventType "swiss"]
[EventRounds "5"]
[EventCountry "CAN"]

1. e4 c5 2. c3 d5 3. exd5 Qxd5 4. d4 Nc6 5. Nf3 Bg4 6. Nbd2 cxd4 7. Bc4 Qh5 8.
Qb3 dxc3 9. bxc3 Nf6 10. Qxb7 Rc8 11. Bb5 Bd7 12. Bxc6 Rxc6 13. Qa8+ Rc8 14.
Qxa7 g6 15. O-O Bg7 16. Re1 O-O 17. Re5 Qg4 18. Ne4 Nxe4 19. h3 Qxf3 20. gxf3
Bxe5 21. fxe4 Bxc3 22. Rb1 Rfd8 23. Qe3 Be6 24. Bb2 Bd2 25. Qa3 Bg5 26. Qa5 Bh4
27. Be5 Ra8 28. Qc3 Rxa2 29. Rb2 Ra1+ 30. Kg2 Rad1 31. Qe3 f6 32. Bg3 Bg5 33.
Qa7 f5 34. h4 Bf6 35. e5 Bd5+ 36. f3 Bg7 37. Qxe7 Bf8 38. Qg5 Bc4 39. Rf2 Bc5
40. Rc2 Bf1+ 41. Kh2 Bg1+ 42. Kxg1 Bd3+ 43. Kg2 Bxc2 44. e6 Bb3 45. Qf6 R1d2+
46. Kh3 R2d6 47. Bxd6 Rxd6 48. Qf7+ Kh8 1-0

[Event "Montcalm 3 2016-17"]
[Site "Quebec CAN"]
[Date "2016.12.08"]
[Round "4"]
[White "Lapierre, Gaetan"]
[Black "Lessard, Claude"]
[Result "0-1"]
[WhiteElo "1984"]
[BlackElo "2148"]
[PlyCount "110"]
[EventDate "2016.11.17"]
[EventType "swiss"]
[EventRounds "5"]
[EventCountry "CAN"]

1. e4 c6 2. d4 d5 3. exd5 cxd5 4. Bd3 Nc6 5. c3 Nf6 6. h3 e5 7. dxe5 Nxe5 8.
Bc2 Bc5 9. Ne2 O-O 10. O-O Re8 11. Nd2 a5 12. Nd4 a4 13. Bxa4 Bd7 14. Bxd7 Qxd7
15. N2f3 Nc4 16. b3 Nd6 17. Be3 Nfe4 18. Qd3 h6 19. Nd2 Rac8 20. Nxe4 Nxe4 21.
c4 dxc4 22. Qxc4 Nd2 23. Qd3 Nxf1 24. Rxf1 Rcd8 25. Rd1 Re5 26. Nf3 Qxd3 27.
Rxd3 Rxd3 28. Nxe5 Rd1+ 29. Kh2 Bxe3 30. fxe3 Ra1 31. Nc4 Rxa2 32. Kg3 b5 33.
Nd6 Rb2 34. Nxb5 Rxb3 35. Nd4 Rxe3+ 36. Kf2 Rd3 37. Nf3 f6 38. Ke2 Ra3 39. Kf2
Kf7 40. Ng1 g5 41. Nf3 h5 42. Nd4 Kg6 43. Kg1 Rd3 44. Ne2 f5 45. Kf2 f4 46. Ng1
g4 47. hxg4 hxg4 48. Ne2 Kf5 49. g3 f3 50. Nf4 Rd4 51. Nh5 Rd2+ 52. Kf1 Rg2 53.
Ng7+ Kg6 54. Ne6 Rxg3 55. Nf4+ Kf5 0-1

[Event "Montcalm 3 2016-17"]
[Site "Quebec CAN"]
[Date "2016.12.08"]
[Round "4"]
[White "Ripoll, Arthur"]
[Black "Garcia, Carlos"]
[Result "1/2-1/2"]
[WhiteElo "1713"]
[BlackElo "1852"]
[PlyCount "162"]
[EventDate "2016.11.17"]
[EventType "swiss"]
[EventRounds "5"]
[EventCountry "CAN"]

1. e4 c5 2. Nf3 d6 3. d4 cxd4 4. c3 dxc3 5. Nxc3 Nc6 6. Bc4 e6 7. O-O Qc7 8.
Qe2 Nf6 9. Rd1 Be7 10. Bf4 a6 11. Rac1 O-O 12. Bb3 Qb8 13. Na4 b5 14. Rxc6 bxa4
15. Bxa4 Bd7 16. Rc4 Bb5 17. Bxb5 axb5 18. Rb4 Rxa2 19. Rxb5 Qa8 20. Bxd6 Bxd6
21. Rxd6 Nxe4 22. Rd3 Qa6 23. Re3 Ra1+ 24. Ne1 Rxe1+ 25. Qxe1 Qxb5 26. Rxe4
Qxb2 27. h3 Ra8 28. Qe2 Qa1+ 29. Kh2 g6 30. Re3 Ra2 31. Qf3 Qb2 32. Kg1 Ra1+
33. Kh2 h5 34. Re2 Qb1 35. Qf6 Qg1+ 36. Kg3 Qd1 37. Qe5 Ra4 38. Rb2 Ra8 39. Rb7
Qd3+ 40. f3 Qd8 41. h4 Qd5 42. Qxd5 exd5 43. Rd7 Ra5 44. Kf4 Ra4+ 45. Ke3 Rxh4
46. Rxd5 Kg7 47. g3 Rh2 48. Kf4 Rh3 49. Rd8 f6 50. g4 h4 51. Rd3 g5+ 52. Kf5
Rg3 53. Rd7+ Kh6 54. f4 gxf4 55. Kxf4 Kg6 56. Rd5 Rg1 57. Rh5 Rf1+ 58. Ke3 Rh1
59. Kf4 h3 60. Kg3 Rg1+ 61. Kxh3 Rh1+ 62. Kg3 Rxh5 63. gxh5+ Kxh5 64. Kf4 Kg6
65. Kg4 Kf7 66. Kf5 Ke7 67. Kf4 Ke6 68. Ke4 f5+ 69. Kf4 Kf6 70. Kf3 Ke5 71. Ke3
f4+ 72. Kf3 Kf5 73. Kf2 Kg4 74. Kg2 Kf5 75. Kf3 Ke5 76. Kf2 Ke4 77. Ke2 f3+ 78.
Kf2 Kf4 79. Kf1 Kg3 80. Kg1 f2+ 81. Kf1 Kf3 1/2-1/2

[Event "Montcalm 3 2016-17"]
[Site "Quebec CAN"]
[Date "2016.12.15"]
[Round "5"]
[White "Abran, David"]
[Black "Dumont, Eric"]
[Result "1-0"]
[WhiteElo "1837"]
[BlackElo "1717"]
[PlyCount "85"]
[EventDate "2016.11.17"]
[EventType "swiss"]
[EventRounds "5"]
[EventCountry "CAN"]

1. e4 c6 2. d4 d5 3. Nd2 dxe4 4. Nxe4 Bf5 5. Ng3 Bg6 6. h4 h6 7. h5 Bh7 8. Nf3
e6 9. Bd3 Bxd3 10. Qxd3 Qc7 11. Be3 Nd7 12. O-O-O Ngf6 13. Rhe1 O-O-O 14. Qb3
Bd6 15. Ne5 Nc5 16. Qa3 Na6 17. Qa4 Nd5 18. Ne4 Bxe5 19. dxe5 Nxe3 20. Nd6+ Kb8
21. Rxe3 Rd7 22. Qa3 Rhd8 23. Rb3 Ka8 24. Re1 Rxd6 25. exd6 Rxd6 26. Rd3 Rxd3
27. Qxd3 Nc5 28. Qd4 b6 29. Qxg7 Qf4+ 30. Kb1 Qxf2 31. Rd1 Kb7 32. g4 Qe2 33.
Qxf7+ Ka6 34. Qf1 Qxf1 35. Rxf1 Ne4 36. Rf4 Ng5 37. Rf6 Kb5 38. Rxh6 e5 39. Rg6
Nf7 40. Rg7 Nh6 41. g5 Nf5 42. h6 e4 43. h7 1-0

[Event "Montcalm 3 2016-17"]
[Site "Quebec CAN"]
[Date "2016.12.15"]
[Round "5"]
[White "Dube, Dominic"]
[Black "Dube, Daniel"]
[Result "1-0"]
[WhiteElo "1815"]
[BlackElo "1818"]
[PlyCount "80"]
[EventDate "2016.11.17"]
[EventType "swiss"]
[EventRounds "5"]
[EventCountry "CAN"]

1. e4 e6 2. d4 d5 3. Nd2 Be7 4. Ngf3 Nf6 5. exd5 exd5 6. Bd3 Bg4 7. c3 Bh5 8.
Qb3 b6 9. Ne5 O-O 10. O-O c5 11. dxc5 Bxc5 12. Ndf3 Nbd7 13. Bg5 Nxe5 14. Nxe5
Qd6 15. Bf4 Qd8 16. Nc6 Qd7 17. Ne5 Qb7 18. Bb5 Rac8 19. Qa4 a5 20. Rfe1 Ne4
21. Nd3 g5 22. Bxg5 Nxg5 23. Qh4 Bg6 24. Qxg5 f6 25. Qg4 f5 26. Qg5 Bd6 27. Re6
Qc7 28. h4 Qd8 29. Qh6 Be7 30. Nf4 Bf7 31. Re3 Kh8 32. Bd3 Qd6 33. Ne6 Rg8 34.
Bxf5 Bg6 35. Nd4 Rcf8 36. Re6 Rxf5 37. Rxd6 Rh5 38. Rxg6 Rxh6 39. Rxh6 Bc5 40.
Re1 Kg7 1-0

[Event "Montcalm 3 2016-17"]
[Site "Quebec CAN"]
[Date "2016.12.15"]
[Round "5"]
[White "Foucreault, Laurent"]
[Black "Ripoll, Arthur"]
[Result "0-1"]
[WhiteElo "1507"]
[BlackElo "1713"]
[PlyCount "58"]
[EventDate "2016.11.17"]
[EventType "swiss"]
[EventRounds "5"]
[EventCountry "CAN"]

1. d4 d5 2. Bf4 e6 3. Nf3 Bd6 4. Bg3 Ne7 5. e3 O-O 6. c3 c5 7. Nbd2 Nbc6 8. Bd3
Ng6 9. Qc2 b6 10. Ne5 Bb7 11. f4 Rc8 12. h4 cxd4 13. Nxc6 Rxc6 14. h5 dxe3 15.
hxg6 exd2+ 16. Kxd2 fxg6 17. Rxh7 Kxh7 18. Bxg6+ Kg8 19. Bh7+ Kh8 20. Rh1 Bxf4+
21. Bxf4 Rxf4 22. Bg8+ Kxg8 23. Qh7+ Kf8 24. Qg6 Qf6 25. Rh8+ Ke7 26. Qe8+ Kd6
27. Qb8+ Kc5 28. g3 Rf2+ 29. Ke3 Qf3# 0-1